Bryen and Langley Limited v Martin Boston (Record no. 75781)

MARC details
000 -LEADER
fixed length control field 02479cab a2200277 4500
001 - CONTROL NUMBER
control field L130706
008 - FIXED-LENGTH DATA ELEMENTS--GENERAL INFORMATION
fixed length control field 050825n2005 000 0 eng u
035 ## - SYSTEM CONTROL NUMBER
System control number (Sirsi) u130706
041 0# - LANGUAGE CODE
Language code of text/sound track or separate title eng
245 00 - TITLE STATEMENT
Title Bryen and Langley Limited v Martin Boston
260 ## - PUBLICATION, DISTRIBUTION, ETC.
Date of publication, distribution, etc. 2005
520 ## - SUMMARY, ETC.
Summary, etc. [2005] EWCA Civ 973, 29 July 2005. Considers if the adjudication provisions of a standard form of contract are incorporated within an agreement where a letter has been sent stating an intention to use that a standard form but the contract has not been signed. B and L appealed an earlier ruling ([2004] EWHC 2450 (TCC), Abs68430) on the grounds that B's invitation to tender spelt out in specific terms the provisions of a contract in the standard form, which left only the price and contract period to be agreed. By the date of the letter all the terms had been agreed. B and L also argued that costs should have been referred to a detailed assessment. B resisted the appeal and claimed that the adjudication provisions of the standard form were unfair terms for the purposes of the Unfair Terms in Consumer Contracts Regulations 1999. "Held": appeal allowed as the commercial reality was that the parties had agreed all the terms, including the terms of the standard form, and that when B and L started work they were doing so on those terms; B had no recourse under the Regulations as he had asked B and L as he had asked B and L to tender under those terms; costs had been awarded to B on an indemnity basis rather than following consideration of issues raised by B and L.
590 ## - LOCAL NOTE (RLIN)
Local note IKA300805
650 24 - SUBJECT ADDED ENTRY--TOPICAL TERM
Topical term or geographic name entry element BRYEN AND LANGLEY LTD V BOSTON
650 24 - SUBJECT ADDED ENTRY--TOPICAL TERM
Topical term or geographic name entry element UNFAIR TERMS IN CONSUMER CONTRACT REGULATIONS 1999
650 24 - SUBJECT ADDED ENTRY--TOPICAL TERM
Topical term or geographic name entry element HARVEY SHOPFITTERS LTD V ADI LTD
650 24 - SUBJECT ADDED ENTRY--TOPICAL TERM
Topical term or geographic name entry element STENT FOUNDATIONS LTD V CARILLION CONSTRUCTION (CONTRACTS) LTD (FORMERLY TARMAC CONSTRUCTION (CONTRACTS) LTD
650 24 - SUBJECT ADDED ENTRY--TOPICAL TERM
Topical term or geographic name entry element VON HATZFELDT-WILDENBURG V ALEXANDER
650 24 - SUBJECT ADDED ENTRY--TOPICAL TERM
Topical term or geographic name entry element PEGRAM SHOPFITTERS LIMITED V TALLY WEIJL (UK) LIMITED
650 24 - SUBJECT ADDED ENTRY--TOPICAL TERM
Topical term or geographic name entry element PICARDI V CUNIBERTI AND ANOTHER
650 24 - SUBJECT ADDED ENTRY--TOPICAL TERM
Topical term or geographic name entry element DIRECTOR GENERAL OF FAIR TRADING V FIRST NATIONAL BANK PLC
650 24 - SUBJECT ADDED ENTRY--TOPICAL TERM
Topical term or geographic name entry element LOWNDS V HOME OFFICE
690 ## - LOCAL SUBJECT ADDED ENTRY--TOPICAL TERM (OCLC, RLIN)
Topical term or geographic name as entry element MANAGEMENT-DISPUTE AVOIDANCE, MANAGEMENT AND RESOLUTION-DISPUTE MANAGEMENT AND RESOLUTION-ALTERNATIVE DISPUTE RESOLUTION-ADJUDICATION-ADJUDICATORS-ADJUDICATORS' JURISDICTION
856 40 - ELECTRONIC LOCATION AND ACCESS
Uniform Resource Identifier <a href="https://www.bailii.org/ew/cases/EWCA/Civ/2005/973.html">https://www.bailii.org/ew/cases/EWCA/Civ/2005/973.html</a>
Public note View the item free of charge at www.bailii.org...
942 ## - ADDED ENTRY ELEMENTS (KOHA)
Suppress in OPAC 0
Holdings
Withdrawn status Lost status Source of classification or shelving scheme Damaged status Not for loan Home library Current library Shelving location Date acquired Total Checkouts Full call number Barcode Date last seen Copy number Price effective from Koha item type
    Dewey Decimal Classification     Virtual Virtual Online 25/08/2005   ONLINE PUBLICATION 130706-1001 06/08/2019 1 06/08/2019 Law report